Quản lý vận hành và thiết kế nâng cấp nhà máy nước
Giới thiệu công tác quản lí vận hành và thiết kế nâng cấp nhà máy nước. Vai trò của người vận hành nhà máy xử lí nước, các nguồn nước, công trình nước, máy bơm, đường ống dẫn, keo tụ, tạo bông cặn, bể lắng, bể lọc có vật liẹ...
Na minha lista:
| Autor principal: | |
|---|---|
| Formato: | Livro |
| Idioma: | Undetermined |
| Publicado em: |
Hà Nội
Xây dựng
2014
|
| Assuntos: | |
| Tags: |
Adicionar Tag
Sem tags, seja o primeiro a adicionar uma tag!
|
| Thư viện lưu trữ: | Trung tâm Học liệu Trường Đại học Cần Thơ |
|---|
| LEADER | 01211nam a2200217Ia 4500 | ||
|---|---|---|---|
| 001 | CTU_202669 | ||
| 008 | 210402s9999 xx 000 0 und d | ||
| 020 | |c 125000 | ||
| 082 | |a 628.1028 | ||
| 082 | |b L103 | ||
| 100 | |a Trịnh, Xuân Lai | ||
| 245 | 0 | |a Quản lý vận hành và thiết kế nâng cấp nhà máy nước | |
| 245 | 0 | |c Trịnh Xuân Lai | |
| 260 | |a Hà Nội | ||
| 260 | |b Xây dựng | ||
| 260 | |c 2014 | ||
| 520 | |a Giới thiệu công tác quản lí vận hành và thiết kế nâng cấp nhà máy nước. Vai trò của người vận hành nhà máy xử lí nước, các nguồn nước, công trình nước, máy bơm, đường ống dẫn, keo tụ, tạo bông cặn, bể lắng, bể lọc có vật liệu lọc dạng hạt, vấn đề kiểm soát mùi và vị của nước, khử sắt, mangan, amoni NH4, sát trùng, làm mềm nước, xử lí nước bằng màng lọc... | ||
| 650 | |a Cấp nước,Water supply | ||
| 904 | |i Nguyên | ||
| 910 | |a Khoa | ||
| 980 | |a Trung tâm Học liệu Trường Đại học Cần Thơ | ||